[Event "Akureyri Icelandic op"]
[Site "Akureyri"]
[Date "2019.05.31"]
[Round "8"]
[White "Halldorsson, Hjorleifur"]
[Black "Ragnarsson, Johann Hjortur"]
[Result "1-0"]
[WhiteElo "1779"]
[BlackElo "1968"]
[PlyCount "57"]
[EventDate "2019.05.25"]
[EventType "swiss"]
[EventRounds "9"]
[EventCountry "ISL"]
[SourceTitle "CBM 190 Extra"]
[Source "ChessBase"]
[SourceDate "2019.07.15"]
[SourceVersion "1"]
[SourceVersionDate "2019.07.15"]
[SourceQuality "1"]

1. e4 d5 2. exd5 Qxd5 3. Nc3 Qd6 4. d4 c6 5. g3 Nf6 6. Bf4 Qb4 7. Nge2 Qxb2 8. Rb1 Qa3 9. Bg2 Na6 10. 0-0 e6 11. Re1 Nb4 12. Qd2 Be7 13. Rb3 Qa6 14. Nc1 b6 15. a4 Nbd5 16. Nxd5 cxd5 17. Nd3 Qxa4 18. Ne5 0-0 19. g4 Bb7 20. Rh3 Rac8 21. c3 Nd7 22. Qd3 g6 23. g5 Nxe5 24. Bxe5 f6 25. Rh6 Qe8 26. Bh3 fxe5 27. Bxe6+ Kg7 28. Rxh7+ Kxh7 29. Qh3+ 1-0

[Event "Akureyri Icelandic op"]
[Site "Akureyri"]
[Date "2019.05.26"]
[Round "3"]
[White "Pinto, Mark A"]
[Black "Halldorsson, Hjorleifur"]
[Result "1/2-1/2"]
[WhiteElo "2082"]
[BlackElo "1779"]
[PlyCount "174"]
[EventDate "2019.05.25"]
[EventType "swiss"]
[EventRounds "9"]
[EventCountry "ISL"]
[SourceTitle "CBM 190 Extra"]
[Source "ChessBase"]
[SourceDate "2019.07.15"]
[SourceVersion "1"]
[SourceVersionDate "2019.07.15"]
[SourceQuality "1"]

1. d4 Nf6 2. Bf4 e6 3. e3 b6 4. Nf3 Bb7 5. c3 Be7 6. Nbd2 0-0 7. Bd3 d5 8. Ne5 Nbd7 9. Qf3 c5 10. h4 cxd4 11. exd4 Rc8 12. Qe2 Ne8 13. Ndf3 g6 14. Bh6 Ng7 15. Ng4 Re8 16. Bxg7 Kxg7 17. Qe3 f5 18. Qh6+ Kg8 19. Nge5 Nxe5 20. Nxe5 Bf8 21. Qe3 Bg7 22. f4 Bxe5 23. fxe5 Qe7 24. Kd2 Qg7 25. Raf1 Bc6 26. Rh3 Re7 27. Rg3 h5 28. Qg5 Be8 29. Be2 Kh7 30. Qe3 Qh6 31. Rg5 b5 32. a3 a5 33. Ra1 Rec7 34. Rc1 Qf8 35. Bd3 Qe7 36. b4 axb4 37. axb4 Ra7 38. Rc2 Ra3 39. Rc1 Qa7 40. Rg3 Ra2+ 41. Bc2 Ra3 42. Bb1 Ra4 43. Bd3 Ra2+ 44. Rc2 Rxc2+ 45. Bxc2 Qe7 46. Qf4 Rc7 47. Re3 Ra7 48. Re1 Qd8 49. Bb3 Qe7 50. Kc2 Qf8 51. Kb2 Qe7 52. g3 Qd8 53. Rb1 Qe7 54. Qc1 Qd8 55. Ra1 Rxa1 56. Kxa1 Qe7 57. Kb2 Kg7 58. Kc2 Qd8 59. Kd3 Qe7 60. Ke2 Bf7 61. Kf3 Qd8 62. Bc2 Be8 63. Bd3 Qe7 64. Qd2 Qd8 65. Be2 Qe7 66. Kg2 Qd8 67. Kh3 Qe7 68. Qc1 Qd8 69. Qa3 Qe7 70. Qa1 Qd7 71. Qa5 Kh6 72. Qb6 Kh7 73. Qa5 Kg7 74. Kg2 Kg8 75. Kf3 Kg7 76. Kf4 Kf7 77. Bd3 Kg7 78. Qb6 Kh6 79. Qd6 Kg7 80. Kg5 Kf7 81. Qc5 Qe7+ 82. Kf4 Qd7 83. Qd6 Kg7 84. Be2 Kf7 85. Qc5 Kg7 86. Qd6 Qxd6 87. exd6 Kf6 1/2-1/2

[Event "Reykjavik op"]
[Site "Reykjavik"]
[Date "2017.04.27"]
[Round "10"]
[White "Larson, Gerald A"]
[Black "Halldorsson, Hjorleifur"]
[Result "0-1"]
[WhiteElo "2104"]
[BlackElo "1776"]
[PlyCount "50"]
[EventDate "2017.04.19"]
[EventType "swiss"]
[EventRounds "10"]
[EventCountry "ISL"]
[SourceTitle "CBM 178 Extra"]
[Source "ChessBase"]
[SourceDate "2017.06.22"]
[SourceVersion "1"]
[SourceVersionDate "2017.06.22"]
[SourceQuality "1"]

1. e4 e5 2. Nf3 Nc6 3. Bb5 a6 4. Bxc6 dxc6 5. 0-0 f6 6. d4 Bd6 7. Be3 Bg4 8. Nbd2 exd4 9. Bxd4 c5 10. Be3 Ne7 11. c3 Ng6 12. Qc2 Qe7 13. Rfe1 Qf7 14. e5 fxe5 15. Ng5 Qd7 16. Nge4 0-0-0 17. Nc4 Kb8 18. Bxc5 Bxc5 19. Nxc5 Qd5 20. Qe4 Qxc5 21. Qxg4 Rhf8 22. Ne3 Rd2 23. Re2 h5 24. Qxg6 Rxe2 25. Rf1 Rxe3 0-1

[Event "Reykjavik op"]
[Site "Reykjavik"]
[Date "2017.04.23"]
[Round "6"]
[White "Meyer, Juergen"]
[Black "Halldorsson, Hjorleifur"]
[Result "1-0"]
[WhiteElo "1944"]
[BlackElo "1776"]
[PlyCount "47"]
[EventDate "2017.04.19"]
[EventType "swiss"]
[EventRounds "10"]
[EventCountry "ISL"]
[SourceTitle "CBM 178 Extra"]
[Source "ChessBase"]
[SourceDate "2017.06.22"]
[SourceVersion "1"]
[SourceVersionDate "2017.06.22"]
[SourceQuality "1"]

1. e4 e5 2. Nc3 Nc6 3. f4 exf4 4. Nf3 h6 5. d4 g5 6. d5 Nb8 7. h4 Bg7 8. d6 c6 9. Bc4 b6 10. Nd4 Ba6 11. Bb3 Qf6 12. Nf5 Qe5 13. Qh5 Qf6 14. Bd2 Kf8 15. 0-0-0 Bb7 16. Nxg7 Kxg7 17. Nd5 Qg6 18. Qxg6+ Kxg6 19. h5+ Kh7 20. Nc7 f6 21. Bc3 Na6 22. Nxa6 Bxa6 23. e5 Kg7 24. exf6+ 1-0

[Event "Reykjavik op"]
[Site "Reykjavik"]
[Date "2017.04.20"]
[Round "3"]
[White "Halldorsson, Hjorleifur"]
[Black "Smith, Chris P"]
[Result "1-0"]
[WhiteElo "1776"]
[BlackElo "1504"]
[PlyCount "47"]
[EventDate "2017.04.19"]
[EventType "swiss"]
[EventRounds "10"]
[EventCountry "ISL"]
[SourceTitle "CBM 178 Extra"]
[Source "ChessBase"]
[SourceDate "2017.06.22"]
[SourceVersion "1"]
[SourceVersionDate "2017.06.22"]
[SourceQuality "1"]

1. e4 d6 2. d4 Nf6 3. Nc3 g6 4. Bg5 Bg7 5. e5 dxe5 6. dxe5 Qxd1+ 7. Rxd1 Ng4 8. h3 Nxe5 9. Nd5 0-0 10. Nxc7 Nbc6 11. Nxa8 Bf5 12. Nc7 Bxc2 13. Rd2 Bb1 14. f4 f6 15. Bh4 Nf7 16. Ne6 Rc8 17. Nxg7 Kxg7 18. Bc4 Nd6 19. Be6 Rc7 20. Nf3 Ne4 21. Rd1 Bc2 22. Rc1 Nb4 23. 0-0 Nd3 24. Bb3 1-0